00772nam a22001457a 4500008004100000020001500041082001600056100003900072245016300111260008500274300003500359505009500394650009900489700003800588150508b xxu||||| |||| 00| 0 eng d a8493454125 a708bG 216d aGonzález Sancho, Eva (curadora)  aDora Garcia si/yes/oui no/no/nonbEl futuro debe ser peligroso. The future must be dangerous.Le futur doit etre dangereuxcGonzález Sancho, Eva (curadora)  aLeón EspañabMUSAC. Museo de Arte Contemporáneo de Castilla y Leónc2005 a237 p.bill. (color)c17x24 cm rEdwin CarelsrPeter DoroshenkorGuillaume MansartrAgustín Pérez RubiorFrancois Piron xGarcia, Dora-1965-ExhibicionesxArte modernoxMuseo de Arte Contemporaneo de Castilla y León aEva González Sancho (curadora)